000 00880nam a2200289Ia 4500
001 Para_6437
003 CHAP
008 220125s1962 xx 000 0 und d
010 _a205177
040 _cCHAP
082 _aPA 621.3125 S9 1960
111 _aSymposium on radioisotopes and radiation in entomology (1960: Bombay)
_9171161
245 _aRadioisotopes and radiation in entomology /
_c by IAEA
260 _aVienna :
_b La Agencia
300 _a311 p.
440 _aProceedings series STI/Pub.;38
_9171162
650 _aEntomología económica
_937145
650 _aRadioisotopos
_x Congresos
_9171163
700 _aInternational Atomic Energy Agency
_9171164
901 _aPA 621.3125 S9 1960
902 _aA
905 _a0000001962 0000000000 00
910 _a1962
942 _cPARA
942 _cPARA
_d1
999 _c205177
_d205177